El auge y el ocaso del imperio español en América / (Registro nro. 25837)
[ vista simple ]
| 000 -LEADER | |
|---|---|
| fixed length control field | 01109cam a2200337 i 4500 |
| 001 - CONTROL NUMBER | |
| control field | 25837 |
| 003 - CONTROL NUMBER IDENTIFIER | |
| control field | Mx-PuUPA |
| 005 - DATE AND TIME OF LATEST TRANSACTION | |
| control field | 20260228112347.0 |
| 008 - FIXED-LENGTH DATA ELEMENTS--GENERAL INFORMATION | |
| fixed length control field | 140415s1977 sp gr 000 0 spa d |
| 017 ## - COPYRIGHT OR LEGAL DEPOSIT NUMBER | |
| Copyright or legal deposit number | M. 3.829-1977 |
| 020 ## - INTERNATIONAL STANDARD BOOK NUMBER | |
| International Standard Book Number | 8423949435 |
| 040 ## - CATALOGING SOURCE | |
| Transcribing agency | Mx-PuUPA |
| Original cataloging agency | Mx-PuUPA |
| Language of cataloging | spa |
| Modifying agency | Mx-PuUPA |
| Description conventions | rda |
| 041 0# - LANGUAGE CODE | |
| Language code of text/sound track or separate title | spa |
| 043 ## - GEOGRAPHIC AREA CODE | |
| Geographic area code | cl----- |
| 043 ## - GEOGRAPHIC AREA CODE | |
| Geographic area code | e-sp--- |
| 100 1# - MAIN ENTRY--PERSONAL NAME | |
| Personal name | Madariaga, Salvador de, |
| Dates associated with a name | 1886-1978 |
| 9 (RLIN) | 10956 |
| Relator term | autor |
| 245 13 - TITLE STATEMENT | |
| Title | El auge y el ocaso del imperio español en América / |
| Statement of responsibility, etc. | Salvador de Madariaga |
| 264 #1 - PRODUCTION, PUBLICATION, DISTRIBUTION, MANUFACTURE, AND COPYRIGHT NOTICE | |
| Place of production, publication, distribution, manufacture | Madid, España : |
| Name of producer, publisher, distributor, manufacturer | Espasa-Calpe, |
| Date of production, publication, distribution, manufacture, or copyright notice | 1977 |
| 300 ## - PHYSICAL DESCRIPTION | |
| Extent | 735 páginas ; |
| Dimensions | 23 cm |
| 336 ## - CONTENT TYPE | |
| Fuente | rdacontent |
| Content type term | texto |
| Content type code | txt |
| 337 ## - MEDIA TYPE | |
| Source | rdamedia |
| Media type term | sin medio |
| Media type code | n |
| 338 ## - CARRIER TYPE | |
| Source | rdacarrier |
| Carrier type term | volumen |
| Carrier type code | nc |
| 651 #4 - SUBJECT ADDED ENTRY--GEOGRAPHIC NAME | |
| Geographic name | América Latina |
| General subdivision | Historia |
| Chronological subdivision | 1492-1810 (Época Colonial) |
| 651 #4 - SUBJECT ADDED ENTRY--GEOGRAPHIC NAME | |
| Geographic name | América Española |
| General subdivision | Historia |
| 651 #4 - SUBJECT ADDED ENTRY--GEOGRAPHIC NAME | |
| Geographic name | América Latina |
| General subdivision | Historia hasta 1830 |
| 651 #4 - SUBJECT ADDED ENTRY--GEOGRAPHIC NAME | |
| Geographic name | América Latina |
| General subdivision | Civilización |
| 651 #4 - SUBJECT ADDED ENTRY--GEOGRAPHIC NAME | |
| Geographic name | España |
| General subdivision | Colonias América |
| -- | Historia |
| 942 ## - ADDED ENTRY ELEMENTS (KOHA) | |
| Source of classification or shelving scheme | Dewey Decimal Classification |
| Koha item type | Libro |
| Classification part | 980.02 |
| Item part | M78 |
| Withdrawn status | Lost status | Source of classification or shelving scheme | Damaged status | Not for loan | Collection code | Home library | Current library | Shelving location | Date acquired | Source of acquisition | Total Checkouts | Full call number | Barcode | Date last seen | Price effective from | Koha item type |
|---|---|---|---|---|---|---|---|---|---|---|---|---|---|---|---|---|
| Dewey Decimal Classification | General | Centro de Estudios Guadalupanos | Biblioteca Karol Wojtyla | Sala general | 03/12/2013 | Compra | 980.02 M78 1977 | 48094 | 03/03/2026 | 03/12/2013 | Libro |